Statistics for The Office fan quiz 4

Click here to take the quiz!

General Stats

  • This quiz has been taken 162 times
  • The average score is 12 of 15

Answer Stats

Question Answer % Correct
Who does Michael hit with his car?Meredith
97%
Are Ryan and Kelly together at the conclusion of the series?Yes
95%
What is Michael's most favorite jokes?That's what she said
94%
Bears, Beets, _______?Battlestar Galactica
91%
Pam goes back to school to become what?Graphic Designer
91%
Jim breaks up with who to start dating Pam?Karen
91%
What is the name of Michael's ex who was fired from Dunder Mifflin supposedly over a boob job?Jan Levinson
91%
What annual award can you win when you work at Dunder Mifflin?Dundie
87%
Who is the racist, sexist, alcholic traveling salesman?Todd Packer
87%
What does Andy refuse to give up when his family goes bankrupt and ends up disappearing with it for three months?Sailboat
86%
"Scranton, what? The ________. Scranton, what? The ________?"Electric City
81%
Kevin wears what on his feet to Jim and Pam's wedding?Kleenex boxes
77%
What is the name of Ryan's baby that Nellie ends up keeping?Drake
66%
What is the name of Jim's fictious author pen name?James Trickington
35%
What is Creed's job?Quality Inspector
20%

Score Distribution

Percentile by Number Answered

Percent of People with Each Score

Your Score History

You have not taken this quiz